000 01020nam a22002537a 4500
005 20170123164155.0
010 _aA-977794
020 _c100.00
_a81732989
035 _aA-977794
037 _bCen Lib / Ret
040 _aDPL
_bPN
082 _a854
_bਦਓਲ
100 _aਦਓਲ, ਹਰਭਜਨ ਸਿੰਘ
_95807
245 _aਤਾਰਿਆਂ ਦਾ ਕਾਫ਼ਲਾ :
_cਹਰਭਜਨ ਸਿੰਘ ਦਓਲ
_bਰੇਖਾਚਿੱਤਰ /
246 _aTarian da kafla : Character sketches /
_bby Harbhajan Singh Deol
260 _aਦਿੱਲੀ
_bਸ਼ਿਲਾਲੇਖ
_c2000
270 _a4/32 ਸੁਭਾਸ਼ ਗਲੀ ਵਿਸ਼ਵਾਸ ਨਗਰ ਸ਼ਾਹਦਰਾ
_bਦਿੱਲੀ
_e110032
300 _a104p.
_c23cm(Hb)
650 _aਪੰਜਾਬੀ ਸਾਹਿਤ
_9140717
650 _aਪੰਜਾਬੀ- ਧਰਮ
_91301
650 _aPunjabi Literature
_9140718
650 _aPunjabi-religion
_99921
942 _2ddc
_cPN
_h854
_mਦਓਲ
999 _c110632
_d110632